000 00945nam a2200289 a 4500
001 000017307
005 20260430094107.0
008 100322s1982 dr c 000 0 spa d
040 _aDO-SdBNP
_bspa
_cBNPHU
082 _a927.96357
_bC796a
100 1 _aCórdova, Cuqui,
_d1929-2020
_954809
245 1 0 _aAlbum del recuerdo /
_cCuqui Córdova; prólogo Homero León Díaz.
260 _aSanto Domingo :
_bTele-3,
_c1982.
300 _a104 p. :
_bretrs. ;
_c21 cm.
500 _aLa biblioteca posee el t. 2, 3, 4.
505 0 _aV. 2 1980 -- v. 3 1981-- v. 3 1983
650 4 _aBeisbol
_zRepública Dominicana
_936893
650 4 _aJugadores de beisbol
_937961
650 0 _aDeportistas
_zRepública Dominicana
_934499
650 4 _aBoxeo
_920931
650 4 _aDeportistas
_934498
650 0 _aAtletismo
_937687
650 4 _aVoleibol
_937962
650 4 _aTenistas
_937963
700 1 _aLeón Díaz, Homero
_epról.
_937964
049 _aBNPD
999 _c16832
_d16832